Slime Rancher: All Slimes - Statistics

General Stats
  • This quiz has been taken 73 times
  • The average score is 36 of 48
Answer Stats
Slime Rancher % Correct
Pink Slime
100%
Pink Slime
100%
Rock Slime
98%
Rock Slime
98%
Fire Slime
90%
Fire Slime
90%
Honey Slime
90%
Honey Slime
90%
Hunter Slime
90%
Hunter Slime
90%
Puddle Slime
90%
Puddle Slime
90%
Tabby Slime
90%
Tabby Slime
90%
Boom Slime
88%
Boom Slime
88%
Crystal Slime
88%
Crystal Slime
88%
Gold Slime
88%
Gold Slime
88%
Rad Slime
88%
Tangle Slime
85%
Tangle Slime
85%
Dervish Slime
80%
Dervish Slime
80%
Phosphor Slime
80%
Phosphor Slime
80%
Lucky Slime
75%
Lucky Slime
75%
Mosaic Slime
75%
Quantum Slime
73%
Quicksilver Slime
70%
Saber Slime
65%
Saber Slime
65%
Tarr Slime
63%
Tarr Slime
63%
Cotton Slime
58%
Twin Slime
58%
Glitch Slime
55%
Ringtail Slime
53%
Angler Slime
48%
Batty Slime
48%
Flutter Slime
48%
Shadow Slime
48%
Twinkle Slime
45%
Yolky Slime
45%
Sloomber Slime
40%
Hyper Slime
38%
No matching quizzes found
Score Distribution
Percent of People with Each Score
Percentile by Number Answered
Your Score History
You have not taken this quiz